Resultados generales del Censo de la República levantado el 15 de diciembre de 1920

Збережено в:
Бібліографічні деталі
Співавтор: Dirección General de Estadística (Автор)
Формат: Книга
Мова:Іспанська
Опубліковано: Santiago Universo 1923
Предмети:
Теги: Додати тег
Немає тегів, Будьте першим, хто поставить тег для цього запису!

MARC

LEADER 00000nam a2200000 a 4500
001 UCO4209
003 CL-VaPUC
008 000728e19230000CL |||||||||||||||||spa|d
082 0 4 |a 310.983  |b DIR  |2 21 
110 2 |a Dirección General de Estadística  |e author  |9 448453 
245 1 0 |a Resultados generales del Censo de la República levantado el 15 de diciembre de 1920 
300 |a 31 p 
942 |c BK 
945 |d 20000728 00:00:00  |a crobeson 
260 |a Santiago  |b Universo  |c 1923 
650 7 |a CENSO 1920  |2 CL-VaPUC  |9 448454 
650 0 |a Población  |9 257577 
650 0 |a Vivienda  |9 258662 
650 0 |a Estadísticas  |9 258644 
650 0 |a Demografía   |9 260008 
651 7 |a CHILE  |2 CL-VaPUC  |9 448455 
583 |a last modification  |c 20170808 04:32:08  |k Rodrigo Vera 
999 |c 290274  |d 290272 
952 |0 0  |1 0  |4 0  |6 310_983000000000000_DIR_1923  |7 0  |8 X  |9 339600  |a BIBHIS  |b BIBHIS  |d 2019-11-20  |i 1211889  |o 310.983 DIR 1923  |p 1211889  |r 2024-01-30  |w 2019-11-20  |y BK_X  |k HIS